|
|
|
|
| LEADER |
00000cam a2200000 a 4500 |
| 001 |
vtls012078071 |
| 003 |
SK-MaSNL |
| 005 |
20260302024727.0 |
| 008 |
230501s1965 xr o p 001 0 cze |
| 015 |
|
|
|a SNBA1965
|
| 020 |
|
|
|q (viaz.)
|
| 035 |
|
|
|a urn:nbn:sk:snk-am00ifnx
|
| 035 |
|
|
|a 6913EB89-4DD5-4A37-B11B-2751A90AAB9F
|
| 035 |
|
|
|a urn:nbn:sk:snk-am00iast
|
| 035 |
|
|
|a 79C9F862-5FED-4F1C-B6BE-EC4107034FEE
|
| 040 |
|
|
|a SNK
|b slo
|c SNK
|e AACR2
|
| 041 |
0 |
|
|a cze
|a rus
|
| 044 |
|
|
|a xr
|c CZ
|
| 080 |
|
|
|a 808.2(075.4)=850
|2 1981
|
| 100 |
1 |
|
|a Malíř, František,
|d 1919-2008
|4 aut
|9 141590
|
| 245 |
1 |
0 |
|a Ruština pro jazykové školy 3
|c František Malíř, Eliška Longauerová-Chudáčková, Vladimír Schön
|
| 250 |
|
|
|a 1. vyd.
|
| 260 |
|
|
|a Praha
|b Státní pedagogické nakladatelství
|c 1965
|
| 300 |
|
|
|a 342, [1] s.
|b fotogr.
|c 21 cm
|
| 366 |
|
|
|e 4000 výtl.
|
| 500 |
|
|
|a Rusko-český a česko-ruský slovníček
|
| 504 |
|
|
|a Obsahuje register
|
| 650 |
0 |
7 |
|a ruština
|2 SNKPH
|9 1346
|
| 655 |
|
7 |
|a učebnice
|2 SNKPH
|9 22521
|
| 700 |
1 |
|
|a Schön, Vladimír
|4 aut
|9 348694
|
| 700 |
1 |
|
|a Longauerová, Eliška
|4 aut
|9 673144
|
| 852 |
|
|
|a Slovenská národná knižnica
|
| 954 |
|
|
|a odborná, vedecká literatúra cudzojazyčná (svetová)
|2 lita
|
| 958 |
|
|
|a OND
|
| 958 |
|
|
|a RK
|
| 958 |
|
|
|a EUIPO
|
| 999 |
|
|
|c 1041507
|d 1043437
|
| 952 |
|
|
|a SNK
|b SNK
|y PREZ
|7 0
|p 17A1470518
|o snkSC 18621/3/príl.
|i snkKIP 3523/65
|8 0
|z Príloha: 1 voľný list
|0 0
|1 0
|4 0
|d 2021-12-08
|f 1
|l 0
|r 2025-07-25 00:00:00
|w 2026-02-24
|
| 952 |
|
|
|a SNK
|b SNK
|y PREZ
|7 0
|p 17A0807380
|o snkSC 18621/3
|i snkKIP 3523/65
|3 Obsahuje prílohu: 1 voľný list
|z Obsahuje prílohu: 1 voľný list
|0 0
|1 0
|4 0
|d 2021-11-19
|f 1
|l 0
|r 2025-07-25 00:00:00
|w 2026-02-24
|
| 952 |
|
|
|a SNK
|b SNK
|y VYP
|7 0
|o snkSC 18621/3 D1
|0 0
|1 0
|4 0
|d 2021-11-19
|l 0
|r 2026-02-24 14:26:27
|w 2026-02-24
|